000 00332nam a2200133 i 4500
001 bg
100 1 _aSZCZEPANIK, Janusz
245 0 _aOdlewnictwo :
_bzasady bezpieczeństwa pracy /
_cJanusz Szczepanik.
260 _aWarszawa,
_c1977.
040 _cBPK
041 _apol
942 _cKS
008 s pl f |000 0 pol
999 _c17576
_d17576
856 _uhttp://koha.tu.koszalin.pl/cgi-bin/koha/opac-detail.pl?biblionumber=17576
_yKatalog online BPK